Statistics for Things with Geographic Names #3

Click here to take the quiz!

General Stats

  • This quiz has been taken 41,417 times
    (32,837 since last reset)
  • The average score is 14 of 20

Answer Stats

ClueAnswer% Correct
Dressing, Dolls, RouletteRussian
96%
Bread, Dip, RivieraFrench
92%
Sausage, Dressing, RenaissanceItalian
90%
Checkers, Zodiac, Water TortureChinese
85%
Cotton, Pyramids, RatscrewEgyptian
85%
Patient, Breakfast Tea, Premier LeagueEnglish
84%
Fried Chicken, Bluegrass, DerbyKentucky
83%
Renaissance, Shake, GlobetrottersHarlem
74%
Minute, Strip Steak, State of MindNew York
69%
Nights, Peninsula, HorseArabian
65%
Twins, Cat, DreamSiamese
65%
Coffee, Cartel, NecktieColombian
62%
Elephant, Sleeping Sickness, DiasporaAfrican
61%
Curry, Iced Tea, KickboxingThai
58%
Pact, Ghetto, UprisingWarsaw
58%
Eye, Blitz, School of EconomicsLondon
54%
Mafia, Defense, PizzaSicilian
46%
Rite, Fold, TerrierScottish
45%
Blinds, Mask, PlasterVenetian
41%
War, Barbecue, PopKorean
40%

Score Distribution

Percentile by Number Answered

Percent of People with Each Score

Your Score History

You have not taken this quiz since the last reset